| 000 -LEADER |
| fixed length control field |
02308 a2200217 4500 |
| 008 - FIXED-LENGTH DATA ELEMENTS--GENERAL INFORMATION |
| fixed length control field |
230622b ||||| |||| 00| 0 eng d |
| 020 ## - INTERNATIONAL STANDARD BOOK NUMBER |
| International Standard Book Number |
9789332586703 |
| Terms of availability |
Rs900.00 |
| 082 00 - DEWEY DECIMAL CLASSIFICATION NUMBER |
| Classification number |
658.5 |
| Item number |
H4738 |
| 245 ## - TITLE STATEMENT |
| Title |
Operations Management : Sustainability and Supply Chain Management / |
| 250 ## - EDITION STATEMENT |
| Edition statement |
12th ed. |
| 260 ## - PUBLICATION, DISTRIBUTION, ETC. (IMPRINT) |
| Place of publication, distribution, etc |
Noida: |
| Name of publisher, distributor, etc |
Pearson india education services, |
| Date of publication, distribution, etc |
2022. |
| 300 ## - PHYSICAL DESCRIPTION |
| Extent |
xxx, 724 p. |
| 505 0# - FORMATTED CONTENTS NOTE |
| Formatted contents note |
Part one Introduction to Operations Management<br/><br/><br/>Chapter 1 Operations and Productivity <br/><br/><br/>Chapter 2 Operations Strategy in a Global Environment <br/><br/><br/>Chapter 3 Project Management <br/><br/><br/>Chapter 4 Forecasting <br/><br/><br/>Part two Designing Operations<br/><br/><br/>Chapter 5 Design of Goods and Services <br/><br/><br/>Supplement 5 sustainability in the supply Chain <br/><br/><br/>Chapter 6 Managing Quality <br/><br/><br/>Supplement 6 statistical process Control <br/><br/><br/>Chapter 7 Process Strategy <br/><br/><br/>Supplement 7 Capacity and Constraint management <br/><br/><br/>Chapter 8 Location Strategies <br/><br/><br/>Chapter 9 Layout Strategies <br/><br/><br/>Chapter 10 Human Resources, Job Design, and Work Measurement <br/><br/><br/>Part three Managing Operations<br/><br/><br/>Chapter 11 Supply Chain Management <br/><br/><br/>Supplement 11 supply Chain management analytics <br/><br/><br/>Chapter 12 Inventory Management<br/><br/><br/>Chapter 13 Aggregate Planning and S&OP <br/><br/><br/>Chapter 14 Material Requirements Planning (MRP) and ERP <br/><br/><br/>Chapter 15 Short-Term Scheduling <br/><br/><br/>Chapter 16 Lean Operations <br/><br/><br/> Chapter 17 Maintenance and Reliability |
| 520 ## - SUMMARY, ETC. |
| Summary, etc |
The book presents a broad introduction to the field of operations in a realistic and practical manner, while offering the largest and most diverse collection of issues on the market. This edition employs a strategic framework that identifies and illustrates facilities, inventory, transportation, and information as the key factors of operations management-to help readers better understand concepts important to today's operations management professionals. Students and practitioners will be able to relate the operations management theories discussed in the book to their actual practice in the Indian companies. |
| 650 #0 - SUBJECT ADDED ENTRY--TOPICAL TERM |
| Topical term or geographic name as entry element |
Production management |
| 700 ## - ADDED ENTRY--PERSONAL NAME |
| 9 (RLIN) |
5525 |
| Personal name |
Heizer, Jay |
|
| 9 (RLIN) |
5262 |
| Personal name |
Render, Barry |
|
| 9 (RLIN) |
5523 |
| Personal name |
Munson, Chuck |
|
| 9 (RLIN) |
5524 |
| Personal name |
Sachan, Amit |
| 942 ## - ADDED ENTRY ELEMENTS (KOHA) |
| Source of classification or shelving scheme |
|
| Item type |
Books |